000 02196nam a2200373 c 4500
003 BLK
005 20180503150004.0
008 180408b bul|||||r ||||||| ||bul||
010 _aKNG00080774000
020 _a978-954-28-0187-0
_bиздат.: Сиела Софт енд Паблишинг
040 _aBLK
041 _aBUL
_cBUL
080 _aОбществени финанси. Финансово законодателство. Подразделя се със знака за съотношение и индекса 336. 12
_b351.72
_x:336.2(497.2)(094.9)
_z351.72:336.2(497.2)(094.9)
110 1 _aБългария. Закони и др. п.
_9243213
139 _aБългария. Закони и др. п.
_bБ 92
245 1 0 _aДанъчно облагане 2008
257 _aBGR
260 София
_bСиела Софт енд Паблишинг
_c2007
300 _a828 с.
_bс табл.
_c23 см
380 _a3
500 _aСъдържа : Закон за местните данъци и такси ; Закон за данъците върху доходите на физическите лица ; Закон за корпоративното подоходно облагане ; Закон за данък върху добавената стойност ; Правилник за прилагане на ЗДДС ; Закон за акцизите и данъчните складове ; Правилник за прилагане на ЗАДС : Изм. ДВ, бр. 4 от 15 ян. 2008 г.
650 4 _aДанъчно облагане - България - законодателни и директивни материали
_9247464
650 4 _aДанъци - България - законодателни и директивни материали
_9249104
650 4 _aТакси - България - законодателни и директивни материали
_9261452
653 _aданъчно облагане
653 _aданъци
653 _aтакси
653 _aзакони
852 _aЦб 237944
856 4 _qpdf
_u
856 4 _qpdf
_u
942 _cKNG
_n0
_01
944 _aCR
_c24.01.2008
_kВаля_Йорданова
944 _aED
_c05.10.2009
_k
999 _c76343
_d76343